00000000nam 2200000zi 4500
0019.942207
003CaOODSP
00520250404083915
006m     o  d f      
007cr |n|||||||||
008240821s1974    oncad   ob   f000 0|eng d
040 |aCaOODSP|beng|erda|cCaOODSP
043 |an-cn---
0861 |aCo22-848/1974E-PDF
1001 |aColl, David C. |q(David Clarence), |d1933- |eauthor.
24514|aThe wired city laboratory : |bstudies in interactive broadband communications / |cD.C. Coll, D.A. George, L.H. Strickland, S.A. Paterson, P.D. Guild, J.M. McEown, in association with L.R. Morrie and A.J. Dakin.
264 1|a[Ottawa] : |bDepartment of Communications, |c[1974]
300 |a1 online resource (vii, 205 pages) : |billustrations, charts
336 |atext|btxt|2rdacontent
337 |acomputer|bc|2rdamedia
338 |aonline resource|bcr|2rdacarrier
500 |aDigitized edition from print [produced by Innovation, Science and Economic Development Canada].
504 |aIncludes bibliographical references.
650 0|aCommunication|xResearch.
650 0|aData transmission systems.
650 0|aEducational technology.
650 0|aTelecommunication.
650 6|aCommunication|xRecherche.
650 6|aDonnées|xTransmission.
650 6|aTechnologie éducative.
650 6|aTélécommunications.
7101 |aCanada. |bDepartment of Communications, |eissuing body.
85640|qPDF|s4.18 MB|uhttps://publications.gc.ca/collections/collection_2025/isde-ised/co22/Co22-848-1974-eng.pdf